Normal view
MARC view
Entry Personal Name
001 - CONTROL NUMBER
- control field: 45334
003 - CONTROL NUMBER IDENTIFIER
- control field: ARRUPE
005 - DATE AND TIME OF LATEST TRANSACTION
- control field: 20190326115421.0
008 - FIXED-LENGTH DATA ELEMENTS
- fixed length control field: 190326|| aca||aabn | a|a d
040 ## - CATALOGING SOURCE
- Original cataloging agency: ARRUPE
- Transcribing agency: ARRUPE
100 ## - HEADING--PERSONAL NAME
- Personal name: Bluebond- Langner, Myra
670 ## - SOURCE DATA FOUND
- Source citation: Work cat.: (ARRUPE): Bluebond- Langner, Myra , The private worlds of dying children , 1980